MARC details
| 000 -CABECERA |
| campo de control de longitud fija |
02140nam a2200265 a 4500 |
| 005 - FECHA Y HORA DE LA ÚLTIMA TRANSACCIÓN |
| campo de control |
20260413123343.0 |
| 007 - CAMPO FIJO DE DESCRIPCIÓN FÍSICA--INFORMACIÓN GENERAL |
| campo de control de longitud fija |
cr |||aaaaaaa| |
| 008 - ELEMENTOS DE LONGITUD FIJA--INFORMACIÓN GENERAL |
| campo de control de longitud fija |
260413s2023 ck| ||||o ||| 000 0 spa d |
| 020 ## - NÚMERO INTERNACIONAL NORMALIZADO PARA LIBROS |
| Número Internacional Estándar del Libro |
9786287518834 |
| 040 ## - FUENTE DE LA CATALOGACIÓN |
| Centro catalogador/agencia de origen |
MX-MxUPN |
| Lengua de catalogación |
spa |
| Normas de descripción |
aacr2 |
| 041 0# - CÓDIGO DE IDIOMA |
| Código de lengua del texto/banda sonora o título independiente |
spa |
| 245 10 - MENCIÓN DE TÍTULO |
| Título |
Ficción y conocimiento : |
| Resto del título |
análisis de series de televisión |
| Medio |
[recurso electrónico en línea] |
| 250 ## - MENCIÓN DE EDICIÓN |
| Mención de edición |
Primera edición |
| 260 ## - PUBLICACIÓN, DISTRIBUCIÓN, ETC. |
| Lugar de publicación, distribución, etc. |
Bogotá, Colombia : |
| Nombre del editor, distribuidor, etc. |
Universidad Pedagógica Nacional, |
| Fecha de publicación, distribución, etc. |
2023 |
| 300 ## - DESCRIPCIÓN FÍSICA |
| Extensión |
1 recurso en línea (359 páginas) : |
| Otras características físicas |
PDF |
| 505 ## - NOTA DE CONTENIDO CON FORMATO PREESTABLECIDO |
| Título |
Alteridad y realismo estético y político como claves de lectura de Game of Thrones / |
| Mención de responsabilidad |
Raúl Cuadros Contreras.-- |
| Título |
Reflexiones desde el materialismo cultural en Breaking Bad / |
| Mención de responsabilidad |
Luis Daniel Ramírez Orozco.-- |
| Título |
Sense8 o el manifiesto ético-político de las Wachowski / |
| Mención de responsabilidad |
Javier Zúñiga Buitrago.-- |
| Título |
Orange is the New Black: la empatía como contrato de lectura / |
| Mención de responsabilidad |
Laura Marcela Vargas Hernández.-- |
| Título |
Erotismo tecnológico. Análisis de Hang the Dj en Black Mirror / |
| Mención de responsabilidad |
Patricia Coba Gutiérrez.-- |
| Título |
Masmediación en las prácticas comunicativas de personajes de Black Mirror / |
| Mención de responsabilidad |
Nicolás Arturo Melgar.-- |
| Título |
The Punisher: un acercamiento a las transformaciones del personaje / |
| Mención de responsabilidad |
Andrés Felipe Correa.-- |
| Título |
Ash vs. Evil Dead: un culto que invade la televisión / |
| Mención de responsabilidad |
María Alejandra Quiñones.-- |
| Título |
Las series de animación: un lenguaje que enseña / |
| Mención de responsabilidad |
Johan Forero.-- |
| Título |
La ambigüedad enunciativa en South Park en la televisión interactiva / |
| Mención de responsabilidad |
Iván Andrés Pacanchique Patiño.-- |
| Título |
Autoconciencia y autorreferencialidad en The Amazing World of Gumball / |
| Mención de responsabilidad |
Fernando Ortiz Cruz.-- |
| Título |
Las nuevas condiciones de circulación de las series y su crítica / |
| Mención de responsabilidad |
Nicolás Bermúdez. |
| 506 0# - NOTA DE RESTRICCIONES AL ACCESO |
| Limitaciones de acceso |
Acceso abierto |
| 700 1# - ASIENTO SECUNDARIO--NOMBRE DE PERSONAL |
| Nombre de persona |
Cuadros Contreras, Raúl |
| 9 (RLIN) |
59247 |
| Término indicativo de función/relación |
edición académica |
| 700 1# - ASIENTO SECUNDARIO--NOMBRE DE PERSONAL |
| Nombre de persona |
Coba Gutiérrez, Patricia |
| 9 (RLIN) |
59248 |
| Término indicativo de función/relación |
edición académica |
| 700 1# - ASIENTO SECUNDARIO--NOMBRE DE PERSONAL |
| Nombre de persona |
Ramírez Orozco, Luis Daniel |
| 9 (RLIN) |
59249 |
| Término indicativo de función/relación |
edición académica |
| 700 1# - ASIENTO SECUNDARIO--NOMBRE DE PERSONAL |
| Nombre de persona |
Zúñiga Buitrago, Javier |
| 9 (RLIN) |
59250 |
| Término indicativo de función/relación |
edición académica |
| 856 40 - LOCALIZACIÓN Y ACCESO ELECTRÓNICOS |
| Identificador Uniforme del Recurso |
<a href="http://hdl.handle.net/20.500.12209/19001">http://hdl.handle.net/20.500.12209/19001</a> |
| 902 ## - ELEMENTOS DE DATOS B LOCAL, LDB (RLIN) |
| Creó |
JohanaAllegre/130426 |
| 942 ## - ELEMENTOS DE PUNTO DE ACCESO ADICIONAL (KOHA) |
| Fuente del sistema de clasificación o colocación |
Library of Congress Classification |
| Tipo de ítem Koha |
Libro Electrónico |